000 00448nam a2200181Ia 4500
008 230524s9999 xx 000 0 und d
020 _a9781259002106
082 _bPEU
100 _aRobert L.Peurifoy
_942891
245 0 _aEstimating Construction Costs
250 _a5
260 _aNew Delhi
_bTMH
_c2016
300 _a"xiv,549p;"
500 _aQuantity Number: 1
650 _aCivil
700 _aGarold D.Oberlander
_942892
942 _cBK
999 _c57862
_d57862